000 01144cam a2200301 i 4500
001 52118
003 Mx-PuUPA
005 20220310140740.0
008 140415s2003 mx ao gr 000 0 mul d
020 _a9789709253313
040 _aMx-PuUPA
_bspa
_cMx-PuUPA
_dMx-PuUPA
_erda
041 0 _aspa
_aeng
245 0 0 _aCreatividad mexicana =
_bthe best of mexican creativity /
_cdirector general, Luis Hernando Ramírez C. ; Joaquín Casares Q., director general
264 1 _aMéxico, D.F. :
_bL.H.R. Editor y Distribuidor de Libros,
_c©2003
300 _a199 páginas :
_bilustraciones, fotografías (a color) ;
_c30 cm.
336 _2rdacontent
_atexto
_btxt
337 _2rdamedia
_asin medio
_bn
338 _2rdacarrier
_avolumen
_bnc
650 7 _aArte mexicano
_xHistoria
_2armarc
650 7 _aArte mexicano
_2armarc
650 7 _aPublicidad
_zMéxico
_2armarc
650 7 _aPublicidad comercial
_zMéxico
_2armarc
700 1 _aRamírez C., Luis Hernando,
_edirector
_912212
700 1 _aCasares Q., Joaquín,
_edirector
942 _2ddc
_cLI
_h741.60972
_iC9125
999 _c52118
_d52118